000 00433nam a2200181Ia 4500
003 IT-RoPAU
005 20220918175351.0
008 120407s9999 xx 000 0 und d
040 _aIT-RoPAU
040 _cIT-RoPAU
100 _aCarlo Felice Casula
_934201
245 _aCattolici - comunisti e sinistra cristiana (1938-1945)
250 _aBologna
260 _aIl Mulino
300 _c cm
490 _v1
942 _cBK
_2ddc
999 _c6872
_d6872